000 00882 a2200229 4500
001 59711
005 20260407155851.0
008 260407a1982 arg spa d
003 AR-UNSa-BCEJYS
040 _aAR-UNSa-BCEJYS
_bspa
_cAR-UNSa-BCEJYS
080 _a325.3
_xColonización. Política Colonial
245 1 0 _aLa venta de oficios en Indias (1492-1606)
020 _a84-7351-026-0
250 _a2a. ed.
264 1 _aMadrid :
_bInstituto Nacional de Administración Pública (INAP)
_c1982
300 _a180 p.
_c24 cm.
505 _a1. Planeamiento y fuentes - 2. El comercio privado de oficios en Castilla y en Indias hasta 1558 – 3. Génesis del régimen jurídico específicamente indiano sobre ventas y renuncias de oficios entre 1558 y 1606
041 _aspa
942 _cBK
590 _aniveau_biblio:m niveau_hierar:0
100 1 _aTomás y Valiente, Francisco
999 _c6794
_d6794